Idilis i cants místichs / Jacinto Verdaguer
Descripción Física:
207 p. ; 17 cm
MARC
| LEADER | 00000nam a2200000Ia 4500 | ||
|---|---|---|---|
| 001 | 13219 | ||
| 008 | 160829s9999 xx 000 0 cat d | ||
| 080 | |a L-1-364 | ||
| 100 | 1 | |a Verdaguer, Jacint, |d 1845-1902 |9 28800 | |
| 245 | |a Idilis i cants místichs / Jacinto Verdaguer | ||
| 250 | |a Ed. popular | ||
| 260 | |a Barcelona : |b Ilustració Catalana, [1879 ?] | ||
| 300 | |a 207 p. ; |c 17 cm | ||
| 490 | |a Obres completes de Mossen Jacinto Verdaguer ; 2 | ||
| 901 | |a Arxiu | ||
| 942 | |n 1 | ||
| 952 | |0 0 |1 0 |4 0 |6 L1364 |7 1 |9 48241 |a Arxiu |b Arxiu |d 2016-12-01 |l 0 |o L-1-364 |p 13219 |r 2016-12-01 00:00:00 |w 2016-12-01 |y ARXIU | ||
| 999 | |c 52047 |d 52047 | ||